00423nam a2200121Ia 4500008004100000020001800041084002400059100001300083245010000096260003200196300002000228650005300248220326s9999||||xx |||||||||||||| ||und|| a979-518-874-7 a10016 KAL Gov Bo.7f aJ. Kaloh 0aMencari Bentuk Otonomi Daerah, Suatu Solusi dalam Menjawab Kebutuhan Lokal dan Tantangan Global aJakartabRineka Ciptac2002 ax + 185 halaman aGovernment (Pemerintahan)eG-O-VyOtonomi Daerah